Room at the top (Record no. 71133)
[ view plain ]
| 000 -LEADER | |
|---|---|
| fixed length control field | 00936cam a2200217 4500 |
| 001 - CONTROL NUMBER | |
| control field | ABS65815 |
| 008 - FIXED-LENGTH DATA ELEMENTS--GENERAL INFORMATION | |
| fixed length control field | 020910n2002 000 0 eng u |
| 035 ## - SYSTEM CONTROL NUMBER | |
| System control number | (Sirsi) u119659 |
| 100 ## - MAIN ENTRY--PERSONAL NAME | |
| Personal name | McConnell, T. |
| 245 ## - TITLE STATEMENT | |
| Title | Room at the top |
| 260 ## - PUBLICATION, DISTRIBUTION, ETC. | |
| Date of publication, distribution, etc. | 2002 |
| 490 ## - SERIES STATEMENT | |
| Series statement | Property Week |
| Volume/sequential designation | 67(32) 16 August 2002, 32-38(5) |
| 520 ## - SUMMARY, ETC. | |
| Summary, etc. | Report on the hotel industry and the increased interest investors are showing in this traditionally difficult sector. This has been caused over the last couple of years by a string of sale and leaseback deals that have won over the city. This contrasts with visitor numbers which have been disappointingly low this year with the expected boom in the Queen's jubilee year not having materialised. |
| 590 ## - LOCAL NOTE (RLIN) | |
| Local note | ABS |
| 650 ## - SUBJECT ADDED ENTRY--TOPICAL TERM | |
| Topical term or geographic name entry element | HOTELS |
| 650 ## - SUBJECT ADDED ENTRY--TOPICAL TERM | |
| Topical term or geographic name entry element | HOTEL SECTOR |
| 650 ## - SUBJECT ADDED ENTRY--TOPICAL TERM | |
| Topical term or geographic name entry element | INVESTORS |
| 650 ## - SUBJECT ADDED ENTRY--TOPICAL TERM | |
| Topical term or geographic name entry element | TRANSACTIONS |
| 690 ## - LOCAL SUBJECT ADDED ENTRY--TOPICAL TERM (OCLC, RLIN) | |
| Topical term or geographic name as entry element | PROPERTY-COMMERCIAL PROPERTY-COMMERCIAL PROPERTY MARKET |
| 942 ## - ADDED ENTRY ELEMENTS (KOHA) | |
| Suppress in OPAC | 0 |
| Withdrawn status | Lost status | Source of classification or shelving scheme | Damaged status | Not for loan | Home library | Current library | Shelving location | Date acquired | Total Checkouts | Full call number | Barcode | Date last seen | Copy number | Price effective from | Koha item type |
|---|---|---|---|---|---|---|---|---|---|---|---|---|---|---|---|
| Dewey Decimal Classification | London | London | Journal article | 10/09/2002 | ABS65815 | 119659-1001 | 06/08/2019 | 1 | 06/08/2019 | Journal article |